All of the Weapon Carrying Monsters in Zelda: Tears of the Kingdom - Statistics

General Stats
  • This quiz has been taken 19 times
    18 since last reset
  • The average score is 8 of 12
Answer Stats
Answer % Correct
Bokoblin
100%
Lizalfos
100%
Moblin
100%
Lynel
71%
Phantom Ganon
64%
Yiga Blademaster
64%
Yiga Footsoldier
64%
Ganondorf
57%
Horriblin
57%
Boss Bokoblin
50%
Captain Construct
43%
Soldier Construct
29%
No matching quizzes found
Score Distribution
Percent of People with Each Score
Percentile by Number Answered
Your Score History
You have not taken this quiz since the last reset